Los hombres de pró / (Record no. 172681)
[ view plain ]
| 000 -LEADER | |
|---|---|
| campo de control de longitud fija | 00818nam a2200217 i 4500 |
| 001 - NÚMERO DE CONTROL | |
| campo de control | 172681 |
| 003 - IDENTIFICADOR DE NÚMERO DE CONTROL | |
| campo de control | ES-MaACL |
| 005 - FECHA Y HORA DE LA ÚLTIMA TRANSACCIÓN | |
| campo de control | 20240522063102.0 |
| 008 - DATOS DE LONGITUD FIJA--INFORMACIÓN GENERAL | |
| campo de control de longitud fija | 090821s1917 sp |||| | spa d |
| 080 ## - NÚMERO DE LA CLASIFICACIÓN DECIMAL UNIVERSAL | |
| Número de la Clasificación Decimal Universal | 821.134.2-31"18" |
| 100 1# - ENTRADA PRINCIPAL--NOMBRE DE PERSONA | |
| Nombre de persona | Pereda, José María de, |
| Fechas asociadas al nombre | 1833-1906 |
| 9 (RLIN) | 90447 |
| 245 14 - MENCIÓN DEL TÍTULO | |
| Título | Los hombres de pró / |
| Mención de responsabilidad, etc. | José M. de Pereda ... ; con un prólogo de Marcelino Menéndez y Pelayo. |
| 250 ## - MENCION DE EDICION | |
| Mención de edición | 5ª ed. |
| 260 ## - PUBLICACIÓN, DISTRIBUCIÓN, ETC. | |
| Lugar de publicación, distribución, etc. | Madrid : |
| Nombre del editor, distribuidor, etc. | [s.n.], |
| Fecha de publicación, distribución, etc. | 1917 ( |
| Fabricante | Estab. Tip. de los Hijos de Tello) |
| 300 ## - DESCRIPCIÓN FÍSICA | |
| Extensión | CVI, 249 p. : |
| Otras características físicas | 1 retr. autor ; |
| Dimensiones | 17 cm. |
| 490 1# - MENCIÓN DE SERIE | |
| Mención de serie | Obras completas de José M. de Pereda ; |
| Designación de volumen o secuencia | 1 |
| 700 1# - ENTRADA AGREGADA--NOMBRE PERSONAL | |
| Nombre de persona | Menéndez y Pelayo, Marcelino, |
| Fechas asociadas al nombre | 1856-1912 |
| 9 (RLIN) | 80332 |
| 830 1# - PUNTO DE ACCESO ADICIONAL DE SERIE-TÍTULO UNIFORME | |
| Título uniforme | Obras completas de José M. de Pereda ; |
| Designación de volumen o secuencia | 1 |
| 9 (RLIN) | 188346 |
| 852 ## - LOCALIZACIÓN | |
| Ubicación | ES-MaACL |
| Número de control de estantería | B-3688 |
| Estatus retirado | Estado de pérdida | Estado de daño | No para préstamo | Biblioteca de origen | Biblioteca actual | Ubicación en estantería | Fecha de adquisición | Fuente de adquisición | Total de préstamos | Signatura topográfica completa | Código de barras | Visto por última vez | Precio de reemplazo | Tipo de ítem Koha |
|---|---|---|---|---|---|---|---|---|---|---|---|---|---|---|
| Biblioteca del Ateneo de Madrid | Biblioteca del Ateneo de Madrid | Sala Pardo Bazán | 21/08/2009 | B-3688 | 1181211 | 23/02/2023 | 23/02/2023 | Libro impreso |
